000 00823nam a2200229 a 4500
001 57594
003 BD-RjUL
005 20211209080531.0
008 161210s2007 bg ||||| |||| 00| 0 ben d
020 _a9840745816
_c: Tk.100.00
035 _a(BD-RjUL)57718
040 _aBD-RjUL
_bben
_cBD-RjUL
041 _aben
082 _223
_a891.442
_bJAP 2007
100 _aজাকারিয়া, সাইমন
_9171010
245 1 0 _aপ্রাচীন বাংলার বুদ্ধ নাটক /
_cসাইমন জাকারিয়া
260 _aঢাকা :
_bবাংলা একাডেমী,
_c২০০৭.
300 _a১৫০ পৃ. :
_bচিত্র ;
_c২৩ সেমি.
650 _aবাংলা নাটক
_9171011
650 _aBengali Drama
_9171012
942 _2ddc
_cBK
999 _c57594
_d57594